Hannover 96 players (2010-2020) - Statistics

General Stats
  • This quiz has been taken 10 times
  • The average score is 43 of 115
Answer Stats
Rank Player Positions Nationality Matches Goals (assists) Period % Correct
11 Didier Ya Konan ST 107 31 (13) 2010-2015
100%
1 Ron-Robert Zieler GK 216 0 (0) 2010-2016, 2019-2020
100%
34 Mame Diouf ST 57 26 (14) 2011-2014
90%
13 Konstantin Rausch LB 97 9 (14) 2010-2013
80%
9 Artur Sobiech ST 121 20 (4) 2011-2017
70%
10 Jan Schlaudraff CF 108 10 (19) 2010-2015
70%
4 Lars Stindl AM 131 19 (21) 2010-2015
70%
2 Manuel Schmiedebach DM 188 2 (13) 2010-2018
70%
18 Mohammed Abdellaoue ST 80 29 (4) 2010-2013
70%
8 Salif Sané CB 128 12 (3) 2013-2018
70%
21 Steven Cherundolo RB 77 0 (2) 2010-2014
70%
39 Szabolcs Huszti LM 51 19 (17) 2012-2014
70%
62 Bobby Wood ST 20 3 (1) 2018-2019
60%
3 Christian Schulz CB 162 10 (2) 2010-2016
60%
30 Genki Haraguchi AM 60 6 (9) 2018-2020
60%
14 Hiroki Sakai RB 92 2 (2) 2012-2016
60%
60 Jonathas ST 23 6 (4) 2017-2020
60%
19 Karim Haggui CB 77 5 (1) 2010-2014
60%
23 Niclas Füllkrug ST 75 21 (7) 2016-2019
60%
5 Waldemar Anton CB 130 5 (3) 2015-2020
60%
47 Florent Muslija AM 37 3 (0) 2018-2020
50%
63 Florian Fromlowitz GK 20 0 (0) 2010-2011
50%
37 Hiroshi Kiyotake AM 53 10 (11) 2014-2016
50%
90 Hugo Almeida ST 7 1 (0) 2015-2016
50%
46 Ihlas Bebou ST 42 9 (5) 2017-2019
50%
28 Iver Fossum CM 62 2 (3) 2015-2019
50%
75 Johan Djourou CB 14 0 (0) 2012-2013
50%
20 Marcelo CB 77 3 (3) 2013-2016
50%
114 Martin Hansen GK 1 0 (0) 2019-2020
50%
31 Martin Harnik RW 60 26 (5) 2016-2018
50%
82 Mevlüt Erdinç ST 11 0 (1) 2015-2016
50%
48 Michael Esser GK 36 0 (0) 2017-2020
50%
6 Miiko Albornoz LB 129 1 (13) 2014-2020
50%
77 Nicolai Müller AM 14 3 (0) 2018-2019
50%
51 Sébastien Pocognoli LB 30 0 (1) 2012-2014
50%
15 Sérgio da Silva Pinto CM 91 8 (12) 2010-2013
50%
56 Walace DM 26 1 (1) 2018-2019
50%
69 Allan Saint-Maximin LW 16 1 (0) 2015-2016
40%
71 Artjoms Rudnevs ST 16 4 (4) 2013-2014
40%
27 Christian Pander LB 63 2 (11) 2011-2015
40%
73 Constant Djakpa LB 14 0 (1) 2010-2011
40%
7 Edgar Prib CM 128 9 (19) 2013-2017, 2018-2020
40%
32 Emanuel Pogatetz CB 57 1 (1) 2010-2012
40%
50 Joselu ST 30 8 (4) 2014-2015
40%
100 Kevin Akpoguma CB 4 0 (0) 2018-2019
40%
61 Kevin Wimmer CB 22 0 (0) 2018-2019
40%
24 Leon Andreasen CM 68 8 (4) 2012-2016
40%
43 Linton Maina LW 46 3 (11) 2017-2020
40%
40 Mario Eggimann CB 50 1 (2) 2010-2013
40%
38 Matthias Ostrzolek DM 52 0 (2) 2017-2020
40%
26 Philipp Tschauner GK 64 0 (0) 2016-2019
40%
86 Sebastian Jung RB 9 0 (1) 2019-2020
40%
68 Timo Hübers CB 17 1 (2) 2017-2018, 2019-2020
40%
70 Altin Lala DM 16 0 (1) 2010-2012
30%
41 Andre Hoffmann CB 47 2 (1) 2012-2014, 2015-2016
30%
49 Ceyhun Gülselam DM 31 1 (1) 2014-2016
30%
66 Charlison Benschop ST 18 2 (1) 2015-2018
30%
98 DaMarcus Beasley LB 4 0 (0) 2010-2011
30%
22 Felix Klaus RM 76 11 (11) 2015-2018
30%
57 Florian Hübner CB 24 1 (0) 2016-2018
30%
36 Hendrik Weydandt ST 55 15 (7) 2018-2020
30%
52 Jimmy Briand ST 29 3 (8) 2014-2015
30%
76 John Guidetti ST 14 3 (2) 2019-2020
30%
44 Josip Elez CB 44 0 (0) 2017-2020
30%
25 Julian Korb RB 66 2 (6) 2017-2020
30%
16 Kenan Karaman ST 87 10 (9) 2014-2018
30%
109 Marius Stankevicius CB 2 0 (0) 2014-2015
30%
12 Marvin Bakalorz DM 102 2 (5) 2016-2020
30%
53 Marvin Ducksch ST 28 15 (6) 2019-2020
30%
80 Mikael Forssell ST 12 0 (0) 2010-2011
30%
92 Mike Hanke ST 7 3 (0) 2010-2011
30%
17 Oliver Sorg RB 87 0 (1) 2015-2019
30%
35 Pirmin Schwegler DM 56 0 (7) 2017-2019
30%
107 Samuel Sahin-Radlinger GK 3 0 (0) 2016-2017, 2018-2019
30%
42 Sofian Chahed RB 47 0 (5) 2010-2013
30%
64 Uffe Bech RW 20 2 (3) 2015-2017, 2018-2019
30%
79 Ádám Szalai ST 12 0 (1) 2015-2016
20%
97 Adrian Nikci LW 4 1 (0) 2012-2013
20%
84 Alexander Milosevic CB 10 0 (0) 2015-2016
20%
108 Babacar Gueye ST 2 0 (0) 2016-2017
20%
102 Benjamin Hadzic ST 3 0 (1) 2018-2019
20%
87 Carlitos LW 8 0 (0) 2010-2012
20%
58 Cedric Teuchert ST 23 6 (4) 2019-2020
20%
103 Daniel Royer LW 3 0 (0) 2011-2012
20%
94 Deniz Kadah ST 5 0 (0) 2012-2014
20%
99 Dennis Aogo LB 4 0 (0) 2019-2020
20%
72 Dominik Kaiser CM 16 0 (1) 2019-2020
20%
74 Emil Hansson LW 14 0 (1) 2019-2020
20%
29 Felipe Trevizan CB 61 4 (1) 2012-2013, 2014-2020
20%
89 Frantisek Rajtoral RB 7 0 (0) 2013-2014
20%
104 Fynn Arkenberg RB 3 0 (0) 2015-2017
20%
105 Henning Hauger DM 3 0 (0) 2011-2012
20%
93 Hotaru Yamaguchi DM 6 0 (0) 2015-2016
20%
95 João Pereira RB 5 0 (0) 2014-2015
20%
33 Leonardo Bittencourt CM 57 5 (8) 2013-2015
20%
65 Marcel Franke CB 19 0 (0) 2019-2020
20%
67 Marc Stendera CM 17 0 (3) 2019-2020
20%
110 Marius Wolf RB 2 0 (0) 2015-2016
20%
54 Noah Sarenren Bazee RW 28 1 (9) 2015-2019
20%
55 Sebastian Maier CM 27 2 (2) 2016-2018
20%
96 Sebastian Soto ST 5 0 (0) 2018-2020
20%
81 Stefan Strandberg CB 12 0 (4) 2016-2017
20%
78 Takuma Asano RW 13 0 (0) 2018-2019
20%
83 Valmir Sulejmani ST 11 0 (1) 2013-2014, 2015-2017
20%
88 Christopher Avevor CB 7 0 (0) 2010-2012, 2013-2014
10%
113 Elias Huth ST 1 0 (0) 2016-2017
10%
59 Jannes Horn LB 23 0 (0) 2019-2020
10%
91 Maurice Hirsch DM 7 0 (0) 2014-2015
10%
115 Michael Ratajczak GK 1 0 (0) 2019-2020
10%
106 Mike-Steven Bähre CM 3 0 (0) 2015-2017
10%
45 Moritz Stoppelkamp AM 44 0 (0) 2010-2012
10%
85 Philipp Ochs LW 9 1 (0) 2019-2020
10%
111 Simon Stehle RW 2 1 (0) 2019-2020
10%
112 Stefan Thesker CB 2 0 (0) 2014-2015
10%
101 Tim Dierßen CM 4 0 (0) 2013-2014, 2015-2016, 2018-2019
10%
No matching quizzes found
Score Distribution
Percent of People with Each Score
Percentile by Number Answered
Your Score History
You have not taken this quiz